000 00444nam a22001817a 4500
003 MPLRDC
005 20220104113907.0
008 210129b ||||| |||| 00| 0 eng d
020 _a7-5059-0747-6
082 _a848.2 GLH-10 c.2
100 _a郭良蕙著
245 _a四月的旋律
_c
250 _a一版一刷
260 _a
_b中国文联出版公司
_c1988
300 _b
650 _a现代别集
942 _cBK
_o848.2 GLH-10 c.2
999 _c3182
_d3172